000
00195 a2200097 4500
001
41188
100
_a
Cheyney, P
245
_a
Poison IVy
260
_a
London
_b
Collins
_c
090
_c
25411
_d
25411
942
_a
NUST-CAE
_c
_c
17127
999
_c
276261
_d
276261